LDR 00717naa#a2200181#i#450# 001 EN\INFRA-M\bibl\113889 005 20260419032518.7 011 ## _a2500-333X 100 ## _a20260325b2026####ek#y0engy0150####ca 102 ## _aRU 200 1# _aApproaches to defining the concept of “family member” in the Russian legislation _eJournal article 210 1# _aMoscow _cINFRA-M Academic Publishing LLC. _d2026 215 ## _a8 с. 608 ## _aJournal article _2local 675 ## _aОснование семьи. Родство. Свойство. Степень родства. 347.611 _aПраво. Юридические науки. 34 _z 700 #1 _aIshchenko _gNatalya Yur'evna 700 #1 _aKachkov _gNikita Vladimirovich 856 4# _azh-szf.ru _u